000 01178nac a22002651u 4500
010 _a 96014340
020 _a0023110465 (cloth : acid-free paper)
082 0 0 _a355.03
_bCUL
090 _c8570
_d8570
100 _a20080729
245 0 4 _aThe culture of national security :
_bnorms and identity in world politics /
_cedited by Peter J. Katzenstein ; [sponsored by the Committee on International Peace & Security of the Social Science Research Council].
260 _aNew York :
_bColumbia University Press,c1996.
_cc1996.
300 _axv, 562 p. :
_bill. ;
_c24 cm.
440 0 _aNew directions in world politics
500 _aDistributer: Baccah.
504 _aIncludes bibliographical references and index.
511 _aCatalogued By: Mahitab.
650 0 _aNational security.
650 0 _aNationalism.
650 0 _aSocial institutions.
700 1 _aKatzenstein, Peter J.
710 2 _aSocial Science Research Council (U.S.).
_bCommittee on International Peace & Security.
942 _cBB
_k355.03CUL
999 _c8570
_d8570